banner koha

Cultivo de feijao em varzeas em sucessao ao arroz (Registro n. 281012)

MARC details
000 -LÍDER
campo de controle de tamanho fixo 01077nac a22003137a 4500
001 - NÚMERO DE CONTROLE
campo de controle BR8800958
003 - IDENTIFICADOR DO NÚMERO DE CONTROLE
campo de controle BR-BrBNA
005 - DATA E HORÁRIO DA ÚLTIMA TRANSAÇÃO
campo de controle 20240105120717.0
008 - CAMPO DE DADOS FIXOS--INFORMAÇÃO GERAL
campo de controle de tamanho fixo 230509b bl.|||m| |||| 00| 0 por d
040 ## - FONTE DA CATALOGAÇÃO
Instituição da catalogação original BR-BrBNA
Idioma da catalogação por
Instituição que transcreveu o registro Biblioteca Nacional de Agricultura
072 ## - CÓDIGO DE CATEGORIA DE ASSUNTO
Código de Categoria de Assunto F08
090 ## - NÚMERO DE CHAMADA LOCAL
Número de chamada 1410 BR8800958
100 1# - ENTRADA PRINCIPAL--NOME PESSOAL
Nome pessoal Souza Filho, B.F. de
100 1# - ENTRADA PRINCIPAL--NOME PESSOAL
Nome pessoal Fernandes, G.M.B.
100 1# - ENTRADA PRINCIPAL--NOME PESSOAL
Nome pessoal Yuyra, P.R.R.
110 1# - ENTRADA PRINCIPAL--NOME CORPORATIVO
Nome corporativo ou nome da jurisdição Empresa de Pesquisa Agropecuaria do Estado do Rio de Janeiro, Campos (Brasil). Estacao Experimental de Campos
245 1# - TÍTULO
Título Cultivo de feijao em varzeas em sucessao ao arroz
246 1# - FORMA VARIANTE DO TÍTULO
Título/título abreviado [Beans cultivation in sequential cropping with rice]
260 3# - PUBLICAÇÃO, DISTRIBUIÇÃO, ETC.
Local de publicação, distribuição, etc. Campos, RJ (Brasil):
Data da publicação, distribuição, etc. 1987.
300 ## - DESCRIÇÃO FÍSICA
Extensão 4 p.
490 ## - TÍTULO DA SÉRIE
Título da série Comunicado Tecnico - Empresa de Pesquisa Agropecuaria do Estado do Rio de Janeiro (Brazil)
Número do volume ou designação sequencial da série no. 179
ISSN - International Standard Serial Number ISSN 0100-896X
650 ## - ASSUNTO--TERMO TÓPICO
Cabeçalho tópico ou nome geográfico FEIJAO
650 ## - ASSUNTO--TERMO TÓPICO
Cabeçalho tópico ou nome geográfico ARROZ
650 ## - ASSUNTO--TERMO TÓPICO
Cabeçalho tópico ou nome geográfico CULTIVO SEQUENCIAL
650 ## - ASSUNTO--TERMO TÓPICO
Cabeçalho tópico ou nome geográfico ROTACAO DE CULTURA
650 ## - ASSUNTO--TERMO TÓPICO
Cabeçalho tópico ou nome geográfico VARZEA
909 ## -
-- 202312
-- Lúcia Elande
-- 55
-- Lúcia Elande
942 ## - ELEMENTOS DE ENTRADA ADICIONADOS (KOHA)
Fonte da classificação ou esquema de arquivamento na estante Classificação AGRIS
Ocultar no OPAC Não
Tipo de material Koha Monografia Seriada
Exemplares
Situação do descarte Fonte da classificação ou esquema de arquivamento na estante Situação física Não pode ser emprestado Coleção Biblioteca de origem Biblioteca atual Localização na estante Total de empréstimos Número de telefone completo Código de barras Data de último acesso Tipo de material Koha Fonte de aquisição
  Classificação AGRIS       Biblioteca Nacional de Agricultura - Binagri Biblioteca Nacional de Agricultura - Binagri Agrobase - Acervo Geral   1410 BR8800958 1410 BR8800958 18/12/2023 Monografia Seriada Portaria Interministerial nº 164/94

BINAGRI

Telefone: (61)3218-2567/2388/3357/2097 - binagri@agro.gov.br

Ministério da Agricultura e Pecuária , Esplanada dos Ministérios, Bloco D, Anexo B, Brasília/DF, CEP: 70.043-900